| 000 | 01709cam a2200289 4500500 | ||
|---|---|---|---|
| 005 | 20260329004757.0 | ||
| 041 | _afre | ||
| 042 | _adc | ||
| 100 | 1 | 0 |
_aPierre, Christophe _eauthor |
| 245 | 0 | 0 | _aCulture woke et post-libéralisme. La réponse de la doctrine sociale de l’Église |
| 260 | _c2026. | ||
| 500 | _a22 | ||
| 520 | _aFace à la crise du libéralisme, deux réponses idéologiques ont émergé : la culture woke et le post-libéralisme. L’une met l’accent sur l’identité et la mémoire réparatrice, l’autre sur la communauté et la tradition. Toutes deux reposent sur des anthropologies partielles. La doctrine sociale de l’Église offre une alternative intégrale fondée sur la dignité humaine, le bien commun et la fraternité universelle. | ||
| 520 | _aIn response to the crisis of liberalism, two ideological movements have arisen: woke culture and post-liberalism. One emphasizes identity and restorative memory, the other community and tradition. Both rely on partial anthropologies. Catholic social teaching offers a holistic alternative grounded in human dignity, the common good, and universal fraternity. | ||
| 690 | _aAnthropologie chrétienne | ||
| 690 | _aCatholic social teaching | ||
| 690 | _aChristian anthropology | ||
| 690 | _aCulture woke | ||
| 690 | _aDoctrine sociale de l’Église | ||
| 690 | _aLiberalism | ||
| 690 | _aLibéralisme | ||
| 690 | _aPost-liberalism | ||
| 690 | _aPost-libéralisme | ||
| 690 | _aWoke culture | ||
| 786 | 0 | _nNouvelle revue théologique | 148 | 2 | 2026-03-10 | p. 239-259 | 0029-4845 | |
| 856 | 4 | 1 | _uhttps://shs.cairn.info/revue-nouvelle-revue-theologique-2026-2-page-239?lang=fr&redirect-ssocas=7080 |
| 999 |
_c1837205 _d1837205 |
||